000 00456nam a2200157Ia 4500
008 210716s2011 xx 000 0 und d
020 _a8190206869
041 _aeng
082 _a658.8104 GUPS
100 _aGupta, S L.
245 _aProduct management: text, cases and practical assignments.
_bText, cases and practical assignments.
250 _a1
260 _aNew Delhi
_bWisdom Publicatioms
_c2011
300 _a317
650 _aGeneral Management
999 _c207673
_d207673